Southville International School and Colleges
Your cart is empty.
  • Cart
  • Lists
    Public lists Eva Luna New books Lux_list list_1
    Your lists Log in to create your own lists
  • Log in to your account
  • Your cookies
  • Search history
Southville International School and Colleges
  • Advanced search
  • Recent comments
  • Most popular
  • Libraries

Log in to your account

Log in with GOOGLE


If you do not have an external account, but do have a local account, you can still log in:

  1. Home
  2. MARC view: Tablay at banua ng mga kabataang Tagbanua Calamianen sa hilagang Palawan :
Normal view MARC view ISBD view

Tablay at banua ng mga kabataang Tagbanua Calamianen sa hilagang Palawan : (Record no. 121243)

[ view plain ]
MARC details
000 -LEADER
fixed length control field 00586nam a2200205Ia 4500
008 - FIXED-LENGTH DATA ELEMENTS--GENERAL INFORMATION
fixed length control field 140626s9999 xx 000 0 und d
100 ## - MAIN ENTRY--PERSONAL NAME
Personal name Guibe, Eulalio III.
245 ## - TITLE STATEMENT
Title Tablay at banua ng mga kabataang Tagbanua Calamianen sa hilagang Palawan :
Remainder of title mga tablay ng banua, mga pagbabanua ng tablay /
Statement of responsibility, etc Eulalio III.Guibe
260 ## - PUBLICATION, DISTRIBUTION, ETC. (IMPRINT)
Date of publication, distribution, etc c2011.
300 ## - PHYSICAL DESCRIPTION
Extent 8 : 2, page 1
440 ## - SERIES STATEMENT/ADDED ENTRY--TITLE
Title Plaridel
521 ## - TARGET AUDIENCE NOTE
Target audience note
650 ## - SUBJECT ADDED ENTRY--TOPICAL TERM
Topical term or geographic name as entry element Banua.
650 ## - SUBJECT ADDED ENTRY--TOPICAL TERM
Topical term or geographic name as entry element Dagat ninuno.
650 ## - SUBJECT ADDED ENTRY--TOPICAL TERM
Topical term or geographic name as entry element Palawan.
650 ## - SUBJECT ADDED ENTRY--TOPICAL TERM
Topical term or geographic name as entry element Tablay.
650 ## - SUBJECT ADDED ENTRY--TOPICAL TERM
Topical term or geographic name as entry element Tagbanua Calamianen.
650 ## - SUBJECT ADDED ENTRY--TOPICAL TERM
Topical term or geographic name as entry element Taytay.
942 ## - ADDED ENTRY ELEMENTS (KOHA)
Koha item type Periodicals
Holdings
Withdrawn status Lost status Damaged status Home library Current library Shelving location Date acquired Total Checkouts Barcode Date last seen Price effective from Koha item type
      College Library College Library Periodical Section 06/26/2014   S0351 06/26/2014 06/26/2014 Periodicals

Tablay at banua ng mga kabataang Tagbanua Calamianen sa hilagang Palawan :

APA

Guibe E. I., . (2011). Tablay at banua ng mga kabataang Tagbanua Calamianen sa hilagang Palawan. : .

Chicago

Guibe Eulalio III, . 2011. Tablay at banua ng mga kabataang Tagbanua Calamianen sa hilagang Palawan. : .

Harvard

Guibe E. I., . (2011). Tablay at banua ng mga kabataang Tagbanua Calamianen sa hilagang Palawan. : .

MLA

Guibe Eulalio III, . Tablay at banua ng mga kabataang Tagbanua Calamianen sa hilagang Palawan. : . 2011.

  • Place hold
  • Print
  • Cite
  • Add to your cart (remove)
  • Save record
    BIBTEX Dublin Core MARCXML MARC (non-Unicode/MARC-8) MARC (Unicode/UTF-8) MARC (Unicode/UTF-8, Standard) MODS (XML) RIS
  • More searches
    Search for this title in:
    Other Libraries (WorldCat) Other Databases (Google Scholar) Online Stores (Bookfinder.com) Open Library (openlibrary.org)

Exporting to Dublin Core...

SOUTHVILLE LIBRARY

Southville International School and Colleges Library

1281 Tropical Ave. Cor. Luxembourg St., BF Homes International, Las Pinas City

Tel. No. 8256374 / 252358 Loc. 117/146

Powered by Koha